Presidents of Switzerland by Picture - Statistics

General Stats
  • This quiz has been taken 19 times
    11 since last reset
  • The average score is 18 of 101
Answer Stats
Picture Hint Answer % Correct
2013 | 2019 Ueli Maurer
100%
2018 | 2023 Alain Berset
89%
2021 | 2026 Guy Parmelin
89%
2022 Ignazio Cassis
78%
2025 Karin Keller-Sutter
78%
2024 Viola Amherd
78%
2015 | 2020 Simonetta Sommaruga
67%
2010 | 2017 Doris Leuthard
56%
2007 | 2011 Micheline Calmy-Rey
44%
2009 Hans-Rudolf Merz
33%
2016 Johann Schneider-Ammann
33%
1993 | 2000 Adolf Ogi
22%
1990 | 1997 Arnold Koller
22%
2014 Didier Burkhalter
22%
2012 Eveline Widmer-Schlumpf
22%
1991 | 1998 Flavio Cotti
22%
1984 Leon Schlumpf
22%
2001 | 2006 Moritz Leuenberger
22%
2003 | 2008 Pascal Couchepin
22%
1999 Ruth Dreifuss
22%
1886 | 1897 | 1903 | 1909 Adolf Deucher
11%
1896 Adrien Lachenal
11%
1936 Albert Meyer
11%
1986 Alphons Egli
11%
1914 Arthur Hoffmann
11%
1879 | 1888-1889 Bernhard Hammer
11%
1916 Camille Decoppet
11%
1857 | 1863 | 1867 Constant Fornerod
11%
1917 | 1921 | 1928 | 1933 Edmund Schulthess
11%
1899 | 1907 | 1913 Eduard Müller
11%
1945 | 1951 Eduard von Steiger
11%
1894 Emil Frey
11%
1869 | 1872 | 1876 | 1880 | 1884 | 1891 Emil Welti
11%
1943 | 1948 Enrico Celio
11%
1924 Ernest Chuard
11%
1949 Ernest Nobs
11%
1901 | 1908 Ernst Brenner
11%
1974 Ernst Brugger
11%
1941 Ernst Wetter
11%
1898 Eugène Ruffy
11%
1918 Felix Calonder
11%
1854 | 1860 Friedrich Frey-Herosé
11%
1961 Friedrich Traugott Wahlen
11%
1982 Fritz Honegger
11%
1980 Georges-André Chevallaz
11%
1915 | 1920 | 1927 | 1932 | 1937 Giuseppe Motta
11%
1919 Gustave Ador
11%
1979 Hans Hürlimann
11%
1965 | 1970 Hans-Peter Tschudi
11%
1966 Hans Schaffner
11%
1957 Hans Streuli
11%
1926 | 1931 Heinrich Häberlin
11%
1850 Henri Druey
11%
1864 | 1868 | 1870 Jakob Dubs
11%
1856 | 1859 | 1862 Jakob Stämpfli
11%
1925 | 1930 Jean-Marie Musy
11%
1989 | 1996 Jean-Pascal Delamuraz
11%
1877 Joachim Heer
11%
1938 Johannes Baumann
11%
1875 Johann Jakob Scherer
11%
1848-1849 | 1852 | 1855 | 1858 Jonas Furrer
11%
1861 | 1866 Josef Martin Knüsel
11%
1851 Josef Munzinger
11%
1895 | 1902 Josef Zemp
11%
2004 Joseph Deiss
11%
1946 | 1952 Karl Kobelt
11%
1865 | 1871 | 1874 | 1878 | 1885 | 1893 Karl Schenk
11%
1923 Karl Scheurer
11%
1995 | 2002 Kaspar Villiger
11%
1977 | 1981 | 1985 Kurt Furgler
11%
1883 | 1890 Louis Ruchonnet
11%
1906 | 1912 Ludwig Forrer
11%
1964 | 1969 Ludwig von Moos
11%
1934 | 1940 Marcel Pilet-Golaz
11%
1905 | 1911 Marc-Émile Ruchet
11%
1956 Markus Feldmann
11%
1950 | 1955 | 1960 Max Petitpierre
11%
1972 Nello Celio
11%
1881 | 1887 Numa Droz
11%
1988 | 1994 Otto Stich
11%
1873 Paul Cérésole
11%
1959 | 1962 Paul Chaudet
11%
1939 | 1942 | 1947 | 1953 Philipp Etter
11%
1983 | 1987 Pierre Aubert
11%
1975 Pierre Graber
11%
1992 René Felber
11%
1904 | 1910 Robert Comtesse
11%
1922 | 1929 Robert Haab
11%
1954 Rodolphe Rubattel
11%
1967 | 1973 Roger Bonvin
11%
1971 | 1976 Rudolf Gnägi
11%
1935 Rudolf Minger
11%
2005 Samuel Schmid
11%
1882 Simeon Bavier
11%
1958 Thomas Holenstein
11%
1892 | 1900 Walter Hauser
11%
1944 Walter Stampfli
11%
1888 Wilhelm Hertenstein
11%
1853 Wilhelm Matthias Naeff
11%
1978 Willi Ritschard
11%
1963 | 1968 Willy Spühler
11%
No matching quizzes found
Score Distribution
Percent of People with Each Score
Percentile by Number Answered
Your Score History
You have not taken this quiz since the last reset